| 000 | 00497nam a2200145Ia 4500 | ||
|---|---|---|---|
| 008 | 170221s9999 xx 000 0 und d | ||
| 100 | _aLee, Cheun Hau. | ||
| 245 | 2 | _aA Real-Time Active Peak Demand Reduction for Battery Energy Storage with Limited Capacity | |
| 245 | _cLee Cheun Hau and Yun Seng Lim. | ||
| 260 | _bJournal of Communications | ||
| 260 | _c2013 | ||
| 650 | _xCommunication | ||
| 650 | _xMedia Arts | ||
| 856 | _uhttp://www.jocm.us/index.php?m=content&c=index&a=lists&catid=166 | ||
| 999 |
_c310548 _d310548 |
||